|
|
|
|
| LEADER |
00000cas a22000005a 4500 |
| 001 |
vtls010266255 |
| 003 |
SK-MaSNL |
| 005 |
20260228161518.0 |
| 008 |
110324c20102010xo wr|p 0 b0slo |
| 040 |
|
|
|a SNK
|b slo
|c SNK
|e AACR2
|
| 041 |
0 |
|
|a slo
|
| 044 |
|
|
|a xo
|c SK
|
| 072 |
|
7 |
|a 394
|x Verejný a spoločenský život. Každodenný život
|2 konspekt
|
| 072 |
|
7 |
|a 316.7
|x Sociológia kultúry. Kultúrny život
|2 konspekt
|
| 080 |
|
|
|a 316.728
|2 2011
|
| 080 |
|
|
|a 394
|2 2011
|
| 080 |
|
|
|a 050
|2 2011
|
| 210 |
0 |
|
|a Presso
|
| 222 |
|
0 |
|a Presso
|
| 245 |
0 |
0 |
|a Presso
|b vaša šálka informácií, príbehov, zábavy pre každý deň...
|
| 260 |
|
|
|a Prešov
|b Paris
|c 2010
|
| 300 |
|
|
|a 1 zv.
|c 29 cm
|
| 310 |
|
|
|a 1x týždenne
|
| 362 |
0 |
|
|a Roč. I, č. 1 (2010)-roč. 1, č. 3 (2010)
|
| 500 |
|
|
|a Evidenčné č.: EV 4190/10
|
| 650 |
0 |
7 |
|a každodenný život
|2 SNKPH
|9 4946
|
| 655 |
|
7 |
|a časopisy pre voľný čas
|2 SNKPH
|9 70337
|
| 910 |
|
|
|a snk
|
| 999 |
|
|
|c 5643
|d 7573
|
| 952 |
|
|
|0 0
|1 0
|4 0
|7 0
|8 0
|a SNK
|b SNK
|d 2018-07-27
|i snk2018/16088
|l 0
|o snkČSB 6736/1/2010 D1
|p 17A1327755
|r 2026-02-21 21:01:53
|t č. 1-3
|w 2026-02-21
|y PREZ
|
| 952 |
|
|
|0 0
|1 0
|4 0
|7 0
|8 0
|a SNK
|b SNK
|d 2018-07-27
|i snk2018/16087
|l 0
|o snkČSB 6736/1/2010
|p 17A1327754
|r 2026-02-21 21:23:10
|t č. 1-3
|w 2026-02-21
|y PREZ
|